000 00754nam a22001337a 4500
040 _cRUA
082 _aVEM SON 2014 B484 Or.1
100 _aSONG SAMATH; សង សំអាត
245 _aStudy on effectiveness of antibiotics on diarrhea of suckling piglet at angsnoul district, kandal province, សិក្សាលើប្រសិទ្ធភាពរបស់អង់ទីប៊ីយ៉ូទិច ចំពោះជំងឺរាកកូនជ្រូកនៅក្នុងស្រុកអង្គស្នួល ខេត្តកណ្ដាល
260 _aPhnom Penh
_bRUA
_c2014
300 _aviii,35p.
_bill.
_c29cm.
856 _uhttps://drive.google.com/file/d/1r9HTLD0HY8d0QN-KOQnIgYkaCHNm1SaC/view?usp=sharing
942 _cVEM
999 _c8202
_d8202